| 000 | 00721nam a2200241 i 4500 | ||
|---|---|---|---|
| 001 | bg | ||
| 100 | 1 | _aBRĄGOSZEWSKI, Paweł | |
| 245 | 1 | 0 |
_aGIMP 2.0 : _bedycja zdjęć cyfrowych / _cPaweł Brągoszewski. |
| 260 |
_aGliwice : _b"Helion", _c2005. |
||
| 300 |
_a146 s. : _bil. ; _c24 cm. |
||
| 500 | _aU góry s. tyt.i okł. : cyfrowa ciemnia fotograficzna całkiem za darmo. | ||
| 504 | _aIndeks. | ||
| 650 | 9 | _aGIMP | |
| 655 | _aPodręczniki | ||
| 020 | _a8373617337 | ||
| 040 | _cBPK | ||
| 041 | 0 | _apol | |
| 080 | _a004.42:004.92](07) | ||
| 920 | _a83-7361-733-7 | ||
| 942 | _cKS | ||
| 008 | s pl f |000 0 pol | ||
| 999 |
_c45503 _d45503 |
||
| 856 |
_uhttp://koha.tu.koszalin.pl/cgi-bin/koha/opac-detail.pl?biblionumber=45503 _yKatalog online BPK |
||